| 000 | 00497 a2200157 4500 | ||
|---|---|---|---|
| 003 | NUST | ||
| 005 | 20230223185114.0 | ||
| 040 | _cNust | ||
| 082 | _a355.02,SID | ||
| 100 |
_aSiddiqui, Mohammad Ismail _9109550 |
||
| 245 |
_aSipahi Ka khwab / سپاھی کا خواب (1965 کی جنگ پر مشرمل کہانیاں) (Urdu) / _c Mohammad Ismail Siddiqui |
||
| 260 |
_aRawalpindi _bPak AMerican _c1982 |
||
| 300 | _a155:p. | ||
| 650 |
_aWar Of 1965 (Urdu) _9109551 |
||
| 942 |
_2ddc _cBK _k355.02,SID |
||
| 999 |
_c188111 _d188111 |
||